00784 a2200205 4500999001900000005001700019010001500036020003100051035001400082037001300096082001400109100002100123245010700144250000900251260004500260270006800305300005000373942003000423952012500453 c183352d18335220211223143830.0 aENG-130555 a978-0-19-012627-8c1295.00 aEN-114087 bDBAD/PUB a371.04b1 aKampchen, Martin aIndo-German Exchanges in Education:bRabindranath Tagore Meets Paul And Edith Geheeb/cMartin Kampchen a2020 aNew DelhibOxford University Pressc2020 a22 Workspace, 2nd Floor, 1/22 Asaf Ali Road bNew Delhie110002 avii-xi 200p.c22cm (pbk)bBibliography, Index adplcEN2ddch371.04mKAM 001040708NFICaBL1bBL1d2021-12-23eDBAD/PUBg1295.00l0o371.04 KAMpEN-114087r2021-12-23 00:00:00t1v1295.00yEN